Tu len čas povie svoje Dramatik Ján Solovič

Bibliographic Details
Main Authors: Solovič, Ján, 1934-2022 (Author), Kulík, Juraj (Author)
Format: Article
Language:Slovak
Subjects:

MARC

LEADER 00000nab a2200000 a 4500
001 vtls000591580
003 SK-MaSNL
005 20260303020044.0
008 160203c1996 xo 0 slo
015 |a SNBRB19rr/mm-uuuuu 
035 |a CL0591719 
040 |a SNKBUCL  |b slo  |c SNKBUCL  |e AACR2 
041 0 |a slo 
044 |a xo  |c SK 
080 |a 82:929:885.4  |2 1981 
080 |a 885.4  |2 1981 
100 1 |a Solovič, Ján,  |d 1934-2022  |4 aut  |9 98668 
245 1 0 |a Tu len čas povie svoje  |b Dramatik Ján Solovič  |c Ján Solovič, Juraj Kulík 
300 |b Fotogr. 1 
600 1 7 |a Solovič, Ján,  |d 1934-2022  |2 snkbucl  |9 98668 
655 7 |a rozhovory  |2 snkbucl  |9 31831 
655 7 |a články z odboru literárna veda a krásna literatúra  |2 snkbucl  |9 770045 
655 7 |a články z novín a časopisov  |2 snkbucl  |9 267496 
700 1 |a Kulík, Juraj  |4 aut  |9 715202 
773 0 |t Nové slovo bez rešpektu  |g Roč. 6, č. 26 (1996), s. 16-17 
850 |a Slovenská národná knižnica v Martine  |a MTA001 
852 |a SNK  |b KIS3GCP 
958 |a RK 
958 |a LX 
958 |a SK 
992 |a RBX 
999 |c 1616321  |d 1618251